| 000 | 00614nam a2200181Ia 4500 | ||
|---|---|---|---|
| 003 | GCL | ||
| 008 | 140319s9999 xx 000 0 ara d | ||
| 040 |
_aGCL / _cGCL |
||
| 082 | 0 | 4 |
_a491.51 _bن ع |
| 100 | 1 | _aنصرت الله كامياب | |
| 245 | 1 | 0 |
_aعلم الاسلوب فى الفارسية / _cنصرت الله كامياب |
| 260 |
_aالرياض : _bجامعة الملك سعود ، _c2004 |
||
| 300 |
_a134 ص ؛ _c24 سم |
||
| 650 | 0 | 4 | _aاللغة الفارسية |
| 650 | 0 | 4 | _aاللغة الفارسية - الفاظ |
| 650 | 0 | 4 | _aاللغة الفارسية - اسلوب |
| 942 |
_2ddc _cBK |
||
| 999 |
_c8224 _d8224 |
||